[Event "IX EICC"]
[Site "Plovdiv BUL"]
[Date "2008.04.21"]
[Round "1"]
[White "Mudelsee,M"]
[Black "Lupulescu,C"]
[Result "1-0"]
[WhiteElo "2284"]
[BlackElo "2558"]
[EventDate "2008.04.21"]

1. e4 c5 2. Nf3 d6 3. d4 cxd4 4. Nxd4 Nf6 5. Nc3 a6 6. Bg5 e6 7. f4 Qb6 8.
Qd3 Nc6 9. Bxf6 gxf6 10. Nb3 Bd7 11. O-O-O O-O-O 12. Kb1 h5 13. Be2 Kb8 14.
Rhf1 Bc8 15. a3 Be7 16. Na4 Qa7 17. c4 h4 18. Qc3 Bd7 19. c5 dxc5 20. Naxc5
Be8 21. Rxd8+ Nxd8 22. Rd1 Nc6 23. Nd7+ Bxd7 24. Rxd7 Qg1+ 25. Ka2 Rd8 26.
Rxd8+ Nxd8 27. Qd4 Qxg2 28. Bxa6 bxa6 29. Qd7 Qxe4 30. Qxe7 Qd5 31. Qxf6
Kc7 32. Qe7+ Kc6 33. Qxh4 a5 34. f5 e5 35. Qh6+ Kd7 36. Qd2 Qxd2 37. Nxd2
Nc6 38. Kb3 Nd4+ 39. Ka4 Nxf5 40. Kxa5 Nd4 41. Kb4 f5 42. Kc4 Ke6 43. a4
Nc6 44. b4 e4 45. b5 Na5+ 46. Kd4 Kf6 47. Nxe4+ fxe4 48. Kxe4 Ke6 49. Kd4
Nb3+ 50. Kc4 Nd2+ 51. Kc5 Nf3 52. a5 Kd7 53. a6 Kc7 54. b6+ Kb8 55. h3 Kc8
56. Kd6 Kb8 57. a7+ 1-0

[Event "IX EICC"]
[Site "Plovdiv BUL"]
[Date "2008.04.21"]
[Round "1"]
[White "Nevednichy,V"]
[Black "Bonev,T"]
[Result "1-0"]
[WhiteElo "2558"]
[BlackElo "2285"]
[EventDate "2008.04.21"]

1. e4 c5 2. Nf3 d6 3. d4 cxd4 4. Nxd4 Nf6 5. Nc3 a6 6. a4 e5 7. Nf3 Qc7 8.
Bg5 Be7 9. Bxf6 Bxf6 10. Nd5 Qd8 11. Bc4 Be6 12. O-O O-O 13. Qe2 Nd7 14. a5
Rc8 15. Rfd1 Bxd5 16. Bxd5 Qc7 17. c3 g6 18. Nd2 Kg7 19. Ba2 Rcd8 20. Nc4
Be7 21. Bb3 Nf6 22. Nb6 Qc6 23. Bd5 Nxd5 24. Rxd5 f5 25. Ra4 Rf7 26. Rc4
Qe8 27. Rc7 Bg5 28. Rxf7+ Qxf7 29. b4 fxe4 30. Qxe4 Rf8 31. Qe2 Qe6 32. c4
Rf6 33. c5 Qf5 34. cxd6 Qb1+ 35. Rd1 Qxb4 36. Nd5 Qxd6 37. Nxf6 Qxf6 38.
Rd7+ Kh6 39. Qg4 Qf4 40. Qxf4 Bxf4 41. g3 Bc1 42. Kg2 Bb2 43. Rxb7 Bc3 44.
Ra7 Bxa5 45. Rxa6 Bc3 46. Ra7 g5 47. Kf3 Bd4 48. Ra6+ Kg7 49. g4 Kf7 50.
Rc6 Kg7 51. Rc2 Kf6 52. Ke4 Ke6 53. Rc6+ Kf7 54. f3 Bg1 55. h3 Bh2 56. Kf5
Bf4 57. Rc7+ 1-0

[Event "IX EICC"]
[Site "Plovdiv BUL"]
[Date "2008.04.21"]
[Round "1"]
[White "Milovic,J"]
[Black "Nijboer,F"]
[Result "0-1"]
[WhiteElo "2280"]
[BlackElo "2558"]
[EventDate "2008.04.21"]

1. d4 Nf6 2. Bg5 c5 3. d5 Ne4 4. Bf4 Qb6 5. Qc1 e6 6. c4 exd5 7. cxd5 c4 8.
e3 Bb4+ 9. Nc3 Qf6 10. Nge2 Na6 11. Nd4 g5 12. Bg3 h5 13. Bxc4 h4 14. O-O
Bxc3 15. bxc3 hxg3 16. fxg3 Qh6 17. h3 d6 18. Bb5+ Kf8 19. Bxa6 Bxh3 20.
Bd3 Bxg2 21. Kxg2 Qh2+ 22. Kf3 Nd2+ 23. Qxd2 Qxd2 24. Rad1 Qh2 25. Kg4 Qg2
26. e4 Rh4+ 0-1

[Event "IX EICC"]
[Site "Plovdiv BUL"]
[Date "2008.04.21"]
[Round "1"]
[White "Vegh,E"]
[Black "Iljin,A"]
[Result "0-1"]
[WhiteElo "2278"]
[BlackElo "2556"]
[EventDate "2008.04.21"]

1. d4 Nf6 2. c4 e6 3. Nf3 b6 4. g3 Ba6 5. Qc2 Bb7 6. Bg2 c5 7. d5 exd5 8.
cxd5 Nxd5 9. O-O Be7 10. Rd1 Qc8 11. Qf5 Nf6 12. Bg5 O-O 13. Nc3 h6 14.
Bxf6 Bxf6 15. Nd5 Bxd5 16. Qxd5 Nc6 17. Bh3 Nb4 18. Qd2 Rd8 19. a3 Nc6 20.
Rac1 Qa6 21. Rc2 Qa4 22. Qc1 d5 23. b4 c4 24. Rcd2 a5 25. Rxd5 Rxd5 26.
Rxd5 axb4 27. axb4 Nxb4 28. Qxc4 Nxd5 29. Qxd5 Rd8 30. Qb7 Qd1+ 31. Bf1 Qb1
32. h4 b5 33. Kg2 Rd1 34. Nh2 Qb3 35. e4 Bd4 36. Bxb5 Rd2 37. Ng4 Qc2 0-1

[Event "IX EICC"]
[Site "Plovdiv BUL"]
[Date "2008.04.21"]
[Round "1"]
[White "Sigalas,F"]
[Black "Ovetchkin,R"]
[Result "0-1"]
[WhiteElo "2250"]
[BlackElo "2556"]
[EventDate "2008.04.21"]

1. e4 c6 2. d4 d5 3. Nc3 dxe4 4. Nxe4 Bf5 5. Ng3 Bg6 6. h4 h6 7. Nf3 Nd7 8.
h5 Bh7 9. Bd3 Bxd3 10. Qxd3 e6 11. Bf4 Qa5+ 12. Bd2 Bb4 13. c3 Be7 14. c4
Qc7 15. d5 cxd5 16. cxd5 Qd6 17. Qb3 Ngf6 18. dxe6 Qxe6+ 19. Qxe6 fxe6 20.
Rc1 Bd6 21. Nd4 O-O 22. Rh4 Bxg3 23. fxg3 Rac8 24. Rxc8 Rxc8 25. Bc3 a6 26.
Nb3 Nd5 27. Kd2 e5 28. Kd3 Kf7 29. Bxe5 Nxe5+ 30. Ke4 g5 31. Rh1 Nf6+ 32.
Kxe5 Rd8 0-1

[Event "IX EICC"]
[Site "Plovdiv BUL"]
[Date "2008.04.21"]
[Round "1"]
[White "Khairullin,I"]
[Black "Galopoulos,N"]
[Result "1-0"]
[WhiteElo "2554"]
[BlackElo "2243"]
[EventDate "2008.04.21"]

1. e4 e5 2. Nf3 Nc6 3. Bb5 a6 4. Ba4 Nf6 5. O-O Be7 6. d3 b5 7. Bb3 d6 8.
a4 Bg4 9. c3 O-O 10. Nbd2 Rb8 11. axb5 axb5 12. h3 Be6 13. Bxe6 fxe6 14. d4
exd4 15. cxd4 d5 16. e5 Ne4 17. Qe2 Nxd2 18. Bxd2 Qd7 19. Rfc1 b4 20. Ra6
Rb6 21. Be3 Rfb8 22. b3 R8b7 23. Ne1 Ra7 24. Rxa7 Nxa7 25. Ra1 Rb7 26. Nd3
Nc6 27. Ra8+ Rb8 28. Qa2 Qc8 29. Rxb8 Qxb8 30. Qa6 Qb6 31. Qc8+ Nd8 32. Qd7
Kf7 33. Bg5 Qxd4 34. Qxe7+ Kg6 35. Nf4+ Kf5 36. Qxd8 Qa1+ 37. Kh2 Qxe5 1-0

[Event "IX EICC"]
[Site "Plovdiv BUL"]
[Date "2008.04.21"]
[Round "1"]
[White "Goumas,G"]
[Black "Steingrimsson,H"]
[Result "0-1"]
[WhiteElo "2234"]
[BlackElo "2551"]
[EventDate "2008.04.21"]

1. e4 c5 2. b3 d6 3. Bb2 e5 4. Nc3 Nc6 5. Bb5 Nge7 6. f4 g6 7. Nd5 Bg7 8.
fxe5 O-O 9. Nxe7+ Nxe7 10. Nf3 dxe5 11. Bxe5 Bxe5 12. Nxe5 Qd4 13. Nf3
Qxe4+ 14. Qe2 Qxe2+ 15. Bxe2 b6 16. O-O Bb7 17. Bc4 Rad8 18. Rae1 Nd5 19.
a3 Kg7 20. d4 cxd4 21. Nxd4 Rd7 22. Bb5 Rc7 23. c4 Nf6 24. Ba4 a6 25. Re6
Ne4 26. Rxb6 Kg8 27. b4 Nd2 28. c5 Nxf1 29. Kxf1 Rd8 30. Rd6 Rxd6 31. cxd6
Rc4 32. Nb3 Bc6 0-1

[Event "IX EICC"]
[Site "Plovdiv BUL"]
[Date "2008.04.21"]
[Round "1"]
[White "Kokolias,K"]
[Black "Romanov,E"]
[Result "0-1"]
[WhiteElo "2211"]
[BlackElo "2547"]
[EventDate "2008.04.21"]

1. Nc3 d5 2. e4 dxe4 3. Nxe4 Nd7 4. Bc4 Ngf6 5. Bxf7+ Kxf7 6. Ng5+ Kg8 7.
Ne6 Qe8 8. Nxc7 Qd8 9. Nxa8 Ne5 10. d4 Nf7 11. Qf3 Be6 12. Qxb7 Bd5 13. Qc7
Qxa8 14. f3 e6 15. Ne2 Bd6 16. Qa5 Qb8 17. Qa6 g6 18. Kf2 Qc7 19. Qd3 e5
20. Qc3 Qb7 21. dxe5 Bxe5 22. Nd4 Kg7 23. Qd3 Rc8 24. Be3 Qb8 25. b3 Bxh2
26. c4 Ne5 27. Qd2 Neg4+ 28. Kf1 Nxe3+ 29. Qxe3 Bf7 30. Re1 Nh5 31. Qc3
Ng3+ 32. Kf2 Nxh1+ 33. Rxh1 Bg3+ 34. Kf1 Kg8 0-1

[Event "IX EICC"]
[Site "Plovdiv BUL"]
[Date "2008.04.21"]
[Round "1"]
[White "Jovanovic,Zo CRO"]
[Black "Dorfanis,I"]
[Result "1-0"]
[WhiteElo "2546"]
[BlackElo "2207"]
[EventDate "2008.04.21"]

1. e4 e5 2. Nf3 Nc6 3. Bb5 Nf6 4. Qe2 d6 5. c3 Bd7 6. d4 Qe7 7. Nbd2 g6 8.
dxe5 Nxe5 9. Nxe5 dxe5 10. a4 a6 11. Bxd7+ Nxd7 12. Nf3 Bg7 13. b3 Qe6 14.
Ba3 Qxb3 15. O-O Qe6 16. Rab1 Rb8 17. Rfd1 Bf8 18. Bxf8 Kxf8 19. Qd2 Nc5
20. Qh6+ Ke7 21. Rd5 Nd7 22. Rbd1 Rbd8 23. Qd2 f6 24. c4 b6 25. a5 bxa5 26.
Qxa5 Qc6 27. Qb4+ Ke6 28. Qd2 Rhe8 29. Qh6 Rh8 30. h4 a5 31. h5 Rhg8 32.
Qxh7 Rh8 33. Ng5+ 1-0

[Event "IX EICC"]
[Site "Plovdiv BUL"]
[Date "2008.04.21"]
[Round "1"]
[White "Ljangov,P"]
[Black "Aveskulov,V"]
[Result "0-1"]
[WhiteElo "2192"]
[BlackElo "2535"]
[EventDate "2008.04.21"]

1. c4 c5 2. Nf3 Nf6 3. g3 g6 4. Bg2 Bg7 5. O-O Nc6 6. Nc3 d6 7. d3 O-O 8.
Bd2 Bg4 9. h3 Bd7 10. Qc1 Re8 11. Bh6 Bh8 12. Ng5 Bg7 13. Bxg7 Kxg7 14. Nf3
a6 15. b3 Rb8 16. Rd1 e5 17. e3 Qc8 18. Ng5 Rd8 19. Kh2 b5 20. Nge4 Ne8 21.
Nd5 Be6 22. Nec3 Qd7 23. Qd2 Ne7 24. Nxe7 Qxe7 25. Rf1 Nc7 26. Rad1 f6 27.
e4 a5 28. Nxb5 Nxb5 29. cxb5 Rxb5 30. Qc3 Ra8 31. Rd2 a4 32. bxa4 Rxa4 33.
Ra1 Qa7 34. Bf1 Bxa2 35. Rb2 Rbb4 36. Qd2 Bf7 37. Rab1 Ra2 38. Rxa2 Qxa2
39. Qxa2 Bxa2 40. Re1 Rb1 41. Rxb1 Bxb1 42. f3 f5 43. Kg1 c4 44. dxc4 fxe4
45. fxe4 Bxe4 46. h4 Kf6 47. Kf2 Ke7 48. Ke3 Bf5 49. Kd2 Kd7 50. Kc3 Kc6
51. Kb4 h6 52. Bg2+ Kb6 53. Bf1 e4 54. Bg2 e3 55. Kc3 e2 56. Kd2 Bd3 57.
Bd5 Kc5 58. Bf7 g5 59. hxg5 hxg5 60. Bh5 Bxc4 61. Bg6 d5 62. Bf7 d4 63. Bh5
d3 64. Bg4 Kd4 65. Bh5 e1=B+ 66. Kxe1 Ke3 0-1

[Event "IX EICC"]
[Site "Plovdiv BUL"]
[Date "2008.04.21"]
[Round "1"]
[White "Klokas,K"]
[Black "Jianu,V"]
[Result "0-1"]
[WhiteElo "2160"]
[BlackElo "2531"]
[EventDate "2008.04.21"]

1. e4 c5 2. Nf3 d6 3. d4 cxd4 4. Nxd4 Nf6 5. Nc3 g6 6. Be3 Bg7 7. f3 O-O 8.
Qd2 Nc6 9. O-O-O d5 10. exd5 Nxd5 11. Nxc6 bxc6 12. Bd4 e5 13. Bc5 Be6 14.
Ne4 Re8 15. h4 h6 16. g4 Qc7 17. g5 h5 18. Bc4 Red8 19. Qf2 a5 20. a4 Qb7
21. b3 Kh7 22. Rd2 Nf4 23. Rxd8 Rxd8 24. Bxe6 Nxe6 25. Bb6 Rd5 26. Nc3 Rd7
27. Bxa5 Qa8 28. Bb6 c5 29. Rd1 Rd4 30. a5 Qc6 31. Ne4 f5 32. Rxd4 cxd4 33.
Nd2 e4 34. fxe4 fxe4 35. Qg2 Qc3 36. Nxe4 Qe1+ 37. Kb2 d3+ 38. c3 Nf4 39.
Qf2 Qxe4 40. a6 Ne2 0-1

[Event "IX EICC"]
[Site "Plovdiv BUL"]
[Date "2008.04.21"]
[Round "1"]
[White "Kulaots,K"]
[Black "Kostopoulos,E"]
[Result "1-0"]
[WhiteElo "2530"]
[BlackElo "2152"]
[EventDate "2008.04.21"]

1. e4 c5 2. Nf3 d6 3. d4 cxd4 4. Nxd4 Nf6 5. Nc3 a6 6. Be2 e5 7. Nb3 Be7 8.
Bg5 Be6 9. Bxf6 Bxf6 10. Qd3 Be7 11. Nd5 Bxd5 12. Qxd5 Qc7 13. Bg4 O-O 14.
O-O Nc6 15. c3 b5 16. a4 Rab8 17. Be2 Bg5 18. axb5 Ne7 19. Qd3 Rxb5 20. Qc2
Rb6 21. Rxa6 Rfb8 22. Rxb6 Qxb6 23. Bc4 g6 24. Ra1 Kg7 25. Qd3 Qc7 26. Bb5
f5 27. exf5 gxf5 28. c4 Bf6 29. Qe3 Kh8 30. Ra7 Rb7 31. Ra6 e4 32. Qh6 Ng6
33. Qd2 Be5 34. Nd4 Qf7 35. Ra8+ Kg7 36. Bc6 Ra7 37. Ne6+ Qxe6 38. Rxa7+
Kh8 39. Qh6 1-0

[Event "IX EICC"]
[Site "Plovdiv BUL"]
[Date "2008.04.21"]
[Round "1"]
[White "Bozinovic,Bob"]
[Black "Braun,A"]
[Result "0-1"]
[WhiteElo "2134"]
[BlackElo "2529"]
[EventDate "2008.04.21"]

1. e4 c6 2. d4 d5 3. Nc3 dxe4 4. Nxe4 Bf5 5. Ng3 Bg6 6. h4 h6 7. Nf3 Nd7 8.
h5 Bh7 9. Bd3 Bxd3 10. Qxd3 e6 11. Bf4 Qa5+ 12. Bd2 Bb4 13. c3 Be7 14. c4
Qc7 15. d5 cxd5 16. cxd5 Qd6 17. O-O-O Ngf6 18. Bc3 Qxd5 19. Qxd5 Nxd5 20.
Bxg7 Rh7 21. Bd4 N7f6 22. Bxf6 Bxf6 23. Rhe1 O-O-O 24. Ne4 Bh8 25. g3 f5
26. Nc3 Rc7 27. Ne5 Nxc3 28. Rxd8+ Kxd8 29. bxc3 Rxc3+ 30. Kd2 Bxe5 31.
Rxe5 Rc6 32. f4 Kd7 33. Rb5 Rd6+ 34. Ke2 Kc6 35. Rb3 Rd5 36. Rc3+ Rc5 37.
Re3 Kd6 38. Rd3+ Rd5 39. Rb3 b6 40. Rc3 Kd7 41. Rb3 Ra5 42. Rd3+ Ke7 43. a3
Rd5 44. Rc3 Kd7 45. Rb3 Rd4 46. Rc3 b5 47. Kf3 a5 48. Ke3 Re4+ 49. Kd2 Rd4+
50. Ke3 Rd5 51. Ke2 b4 52. axb4 axb4 53. Rb3 Rd4 54. Ke3 Re4+ 55. Kd3 Kd6
56. Rb1 Kd5 57. Rc1 Rd4+ 58. Ke3 b3 59. Rc8 Rb4 60. Rd8+ Kc6 61. Rd1 b2 62.
Rb1 Kd5 63. Kd2 Kc4 64. Kc2 Rb3 65. Re1 b1=Q+ 66. Rxb1 Rxb1 67. Kxb1 Kd3
68. Kb2 Ke3 69. Kc3 Kf3 70. Kd4 Kxg3 71. Ke5 Kg4 72. Kxe6 Kxf4 73. Kf6 Kg4
74. Kg6 f4 75. Kxh6 f3 76. Kg6 f2 77. h6 f1=Q 78. h7 Qf8 0-1

[Event "IX EICC"]
[Site "Plovdiv BUL"]
[Date "2008.04.21"]
[Round "1"]
[White "Ivanov L.,S"]
[Black "Kharitonov,Alexandr"]
[Result "0-1"]
[WhiteElo "2129"]
[BlackElo "2526"]
[EventDate "2008.04.21"]

1. e4 c6 2. d4 d5 3. e5 Bf5 4. Nf3 e6 5. Be2 Nd7 6. O-O Ne7 7. Nbd2 h6 8.
Nb3 Bh7 9. a4 Rc8 10. a5 a6 11. c3 Qc7 12. Bf4 c5 13. Nxc5 Nxc5 14. dxc5
Ng6 15. Be3 Bxc5 16. Bxc5 Qxc5 17. Qa4+ Qc6 18. Qg4 Qc7 19. Rfe1 O-O 20.
Bf1 Ne7 21. Nd4 Nf5 22. Nxf5 Bxf5 23. Qd4 Qc5 24. Qxc5 Rxc5 25. f3 Rd8 26.
Ra4 Rd7 27. Rea1 f6 28. f4 g5 29. g3 Kf7 30. Kf2 d4 31. Rd1 fxe5 32. fxe5
d3 33. Rd4 Rxd4 34. cxd4 Rc2+ 35. Ke3 Rxb2 36. Bxd3 Rb3 37. g4 Bxg4 38. Rd2
Bf5 39. Ke2 Bxd3+ 40. Rxd3 Rxd3 41. Kxd3 h5 42. Ke3 Ke7 43. Kf3 Kd7 44. Ke3
Kc7 45. Ke4 b5 46. axb6+ Kxb6 47. d5 Kc7 48. d6+ Kd7 49. Kd4 a5 50. Kc5 g4
51. Kb5 h4 0-1

[Event "IX EICC"]
[Site "Plovdiv BUL"]
[Date "2008.04.21"]
[Round "1"]
[White "Kounalakis,E"]
[Black "Mastrovasilis,A"]
[Result "0-1"]
[WhiteElo "2099"]
[BlackElo "2524"]
[EventDate "2008.04.21"]

1. d4 d5 2. Nf3 c5 3. c3 e6 4. g3 Nf6 5. Bg2 Nbd7 6. O-O Be7 7. Nbd2 O-O 8.
Qc2 b6 9. e4 dxe4 10. Nxe4 Bb7 11. Nxf6+ Nxf6 12. Re1 cxd4 13. Nxd4 Bxg2
14. Kxg2 Qd5+ 15. f3 Bc5 16. Be3 Rac8 17. Qe2 Rfd8 18. Nb3 Bxe3 19. Qxe3 h5
20. Rad1 Qxd1 21. Rxd1 Rxd1 22. Nd4 Nd5 23. Qe2 Rxd4 0-1

[Event "IX EICC"]
[Site "Plovdiv BUL"]
[Date "2008.04.21"]
[Round "1"]
[White "Kakkanas,E"]
[Black "Naumann,A"]
[Result "0-1"]
[WhiteElo "2058"]
[BlackElo "2523"]
[EventDate "2008.04.21"]

1. d4 Nf6 2. c4 e6 3. Nf3 b6 4. g3 Ba6 5. Qc2 Bb7 6. Bg2 Bb4+ 7. Bd2 a5 8.
O-O O-O 9. Bf4 Be7 10. Nc3 d5 11. Ne5 c6 12. Rfd1 Na6 13. Rac1 Rc8 14. e4
h6 15. Qe2 Nb8 16. g4 Ba6 17. b3 Nfd7 18. Qf3 Nxe5 19. dxe5 d4 20. Ne2 c5
21. Qh3 Nc6 22. Rd3 f6 23. exf6 Bxf6 24. g5 Bxg5 25. Qxe6+ Kh8 26. Bxg5
Qxg5 27. Rg3 Qh5 28. Nf4 Rxf4 0-1

[Event "IX EICC"]
[Site "Plovdiv BUL"]
[Date "2008.04.21"]
[Round "1"]
[White "Ivanov,L"]
[Black "Brkic,A"]
[Result "0-1"]
[WhiteElo "2020"]
[BlackElo "2521"]
[EventDate "2008.04.21"]

1. d4 Nf6 2. c4 e6 3. Nf3 d5 4. Nc3 Bb4 5. Bg5 Nbd7 6. cxd5 exd5 7. e3 c5
8. Bd3 Qa5 9. Qc2 c4 10. Bf5 O-O 11. O-O Re8 12. a3 Bf8 13. Rfe1 g6 14.
Bxd7 Nxd7 15. e4 Nb6 16. Nxd5 Nxd5 17. exd5 Rxe1+ 18. Rxe1 Qxd5 19. Re8 b5
20. Qe2 Be6 21. Rxa8 Qxa8 22. Qe5 h6 23. Bf6 Qb7 24. h4 a5 25. h5 g5 26.
Nd2 Bd5 27. f3 b4 28. Ne4 Bxe4 29. fxe4 c3 30. bxc3 b3 31. Bxg5 b2 32. Qg3
b1=Q+ 33. Kh2 Kh7 34. Qe5 Q1xe4 0-1

[Event "IX EICC"]
[Site "Plovdiv BUL"]
[Date "2008.04.21"]
[Round "1"]
[White "Nedev,T"]
[Black "Aristotelous,V"]
[Result "1-0"]
[WhiteElo "2518"]
[BlackElo "1954"]
[EventDate "2008.04.21"]

1. e4 d6 2. d4 Nf6 3. Nc3 g6 4. Bg5 Nbd7 5. f4 h6 6. Bh4 c5 7. d5 Bg7 8.
Nf3 Qa5 9. Nd2 a6 10. Nc4 Qc7 11. a4 O-O 12. Be2 Nb6 13. Ne3 Re8 14. O-O
Nbd7 15. Bg3 Nh7 16. Kh1 b6 17. Bc4 Bb7 18. Qf3 Rf8 19. Rae1 Rae8 20. Qe2
Ra8 21. Bb3 Nhf6 22. h3 Nh5 23. Bh2 Bf6 24. Ng4 Bh4 25. Rd1 Ng3+ 26. Bxg3
Bxg3 27. Nxh6+ Kg7 28. Ng4 Rh8 29. Bc4 Rh7 30. Rd3 Bh4 31. e5 dxe5 32. fxe5
e6 33. dxe6 fxe6 34. Bxe6 Nf8 35. Rf7+ Qxf7 36. Bxf7 Kxf7 37. Ne4 Bc6 38.
Rd6 Rc8 39. Qxa6 Ra8 40. Qc4+ 1-0

[Event "IX EICC"]
[Site "Plovdiv BUL"]
[Date "2008.04.21"]
[Round "1"]
[White "Tzouganakis,P"]
[Black "Shanava,K"]
[Result "0-1"]
[WhiteElo "1900"]
[BlackElo "2519"]
[EventDate "2008.04.21"]

1. e4 c5 2. Nf3 d6 3. d4 cxd4 4. Nxd4 Nf6 5. Nc3 g6 6. Be3 Bg7 7. f3 a6 8.
Qd2 Nbd7 9. O-O-O b5 10. g4 Bb7 11. h4 h5 12. gxh5 Nxh5 13. Rg1 Rc8 14. Nd5
e6 15. Bg5 Ndf6 16. Nxf6+ Bxf6 17. Nb3 Qc7 18. Bxf6 Nxf6 19. Bd3 Ke7 20.
Qe1 e5 21. f4 Nh5 22. fxe5 dxe5 23. Qb4+ Kf6 24. Na5 Ba8 25. Kb1 Nf4 26.
Qe1 Kg7 27. Nb3 Rh5 28. Nc1 Rch8 29. Rg4 Qe7 30. Qa5 Bb7 31. Rh1 Bc8 32.
Rgg1 Rxh4 33. Rxh4 Rxh4 34. Qc3 Bb7 35. Qe1 Rh2 36. Nb3 Qc7 37. Qd1 Qb6 38.
Rf1 Qe3 39. Nc1 Bc8 40. Rh1 Rxh1 41. Qxh1 Bb7 42. a3 g5 43. Qf1 g4 44. Qh1
Qf2 45. b3 Bc8 46. Kb2 g3 47. Qh4 Ng6 48. Qg5 f6 49. Qh5 g2 0-1

[Event "IX EICC"]
[Site "Plovdiv BUL"]
[Date "2008.04.21"]
[Round "1"]
[White "Szabo,G ROM"]
[Black "Badev,K"]
[Result "1-0"]
[WhiteElo "2516"]
[BlackElo "2311"]
[EventDate "2008.04.21"]

1. e4 c5 2. Nf3 d6 3. d4 Nf6 4. Nc3 cxd4 5. Nxd4 g6 6. Be3 Bg7 7. f3 O-O 8.
Qd2 Nc6 9. O-O-O Rb8 10. Qe1 Bd7 11. g4 Qa5 12. Nb3 Qd8 13. h4 Ne5 14. Be2
b5 15. Bxa7 Ra8 16. Bd4 b4 17. Bxe5 dxe5 18. Nd5 Nxd5 19. Rxd5 Qc7 20. Qxb4
Rxa2 21. Qxe7 Rc8 22. Rc5 Qb8 23. Rxc8+ Qxc8 24. Rd1 Ra7 25. Bb5 Bxb5 26.
Rd8+ 1-0

[Event "IX EICC"]
[Site "Plovdiv BUL"]
[Date "2008.04.22"]
[Round "2"]
[White "Maletin,P"]
[Black "Movsesian,S"]
[Result "0-1"]
[WhiteElo "2574"]
[BlackElo "2695"]
[EventDate "2008.04.21"]

1. d4 d5 2. c4 c6 3. Nf3 Nf6 4. Nc3 a6 5. c5 Nbd7 6. g3 g6 7. Bg2 Bg7 8.
O-O O-O 9. Qc2 Re8 10. Rd1 b6 11. cxb6 Qxb6 12. Bf4 a5 13. Rac1 Ba6 14. Ne5
Rac8 15. e4 e6 16. Be3 Qb7 17. Nxd7 Nxd7 18. Qd2 Bf8 19. Rc2 f5 20. e5 Qb4
21. Qc1 a4 22. h4 Bc4 23. h5 c5 24. hxg6 hxg6 25. g4 fxg4 26. Ne4 Bxa2 27.
dxc5 Bb3 28. c6 Nxe5 29. Nf6+ Kf7 30. Rd4 Qb5 31. Rc3 Kxf6 32. Rf4+ Kg7 33.
Bd4 Kg8 34. Bxe5 Qe2 35. Re3 Qd1+ 36. Qxd1 Bxd1 37. Rf6 Bc2 38. Rxe6 Rxe6
39. Bxd5 Rcxc6 40. Rc3 Bb3 0-1

[Event "IX EICC"]
[Site "Plovdiv BUL"]
[Date "2008.04.22"]
[Round "2"]
[White "Savchenko,B"]
[Black "Sargissian,G"]
[Result "0-1"]
[WhiteElo "2569"]
[BlackElo "2643"]
[EventDate "2008.04.21"]

1. e4 e5 2. Nf3 Nc6 3. d4 exd4 4. Nxd4 Bc5 5. Nxc6 Qf6 6. Qf3 bxc6 7. Nd2
d6 8. Qg3 Qg6 9. Nb3 Qxe4+ 10. Kd2 Bb6 11. Qxg7 Bxf2 12. Kc3 Bh4 13. Bg5
Qg6 14. Qxg6 hxg6 15. Bxh4 Rxh4 16. g3 Rh5 17. Re1+ Be6 18. Bc4 Kd7 19. Nd4
Bxc4 20. Kxc4 Nh6 21. h4 Ng4 22. Rhf1 Rc5+ 23. Kd3 f5 24. h5 gxh5 25. Nxf5
Rf8 26. Ng7 Ne5+ 27. Kd2 Rg8 28. Nf5 Rg5 29. b4 Rd5+ 30. Kc3 Ng6 31. Ng7
Rxg3+ 32. Kb2 Ne5 33. Nf5 Rg5 34. Kc3 Ng6 35. Ng7 Rg3+ 36. Kb2 Ne5 37. Nf5
Rg2 38. Kc3 Rdd2 39. Ne3 Rge2 40. Rg1 Rxe1 41. Rg7+ Kc8 42. Rg8+ Kb7 43.
Kxd2 Rh1 44. Rh8 h4 45. a4 h3 46. Kc3 h2 47. Nc4 Nxc4 48. Kxc4 d5+ 49. Kc3
d4+ 50. Kb2 a5 51. bxa5 c5 0-1

[Event "IX EICC"]
[Site "Plovdiv BUL"]
[Date "2008.04.22"]
[Round "2"]
[White "Papaioannou,I"]
[Black "Delchev,A"]
[Result "1-0"]
[WhiteElo "2566"]
[BlackElo "2639"]
[EventDate "2008.04.21"]

1. d4 d5 2. Nf3 Nf6 3. c4 c6 4. e3 Bf5 5. Nc3 e6 6. Nh4 Bg6 7. Nxg6 hxg6 8.
a3 Nbd7 9. g3 Be7 10. Qb3 Qc7 11. Bd2 Nb6 12. cxd5 exd5 13. Be2 Nc8 14.
O-O-O Nd6 15. Kb1 b5 16. f3 O-O 17. e4 dxe4 18. Bf4 exf3 19. Bxf3 Qd7 20.
Ka1 Rfb8 21. h4 a5 22. h5 g5 23. Be5 b4 24. h6 a4 25. Qc2 bxc3 26. hxg7
cxb2+ 27. Kb1 Qf5 28. Qxf5 Nxf5 29. Rh8+ Kxg7 30. Rxb8 Rxb8 31. Bxb8 Nd5
32. Kxb2 Nde3 33. Rd3 Bf6 34. Ba7 Nc4+ 35. Kc3 Na5 36. g4 Nd6 37. Kb4 1-0

[Event "IX EICC"]
[Site "Plovdiv BUL"]
[Date "2008.04.22"]
[Round "2"]
[White "Iljin,A"]
[Black "Sutovsky,E"]
[Result "0-1"]
[WhiteElo "2556"]
[BlackElo "2630"]
[EventDate "2008.04.21"]

1. c4 Nf6 2. Nc3 d5 3. cxd5 Nxd5 4. g3 g6 5. Bg2 Nxc3 6. bxc3 Bg7 7. Rb1
Nc6 8. Nf3 O-O 9. Qc2 b6 10. O-O Bb7 11. d4 Na5 12. e4 c5 13. dxc5 Qc7 14.
cxb6 axb6 15. Bg5 Nc4 16. Rb4 Ra3 17. Nd4 Nd6 18. Bd2 e5 19. Nb3 Rfa8 20.
Ra1 Bf8 21. Bc1 R3a6 22. Nd2 b5 23. Nf3 Ra4 24. Rxa4 Rxa4 25. Nxe5 Bxe4 26.
Bxe4 Nxe4 27. Bf4 Bg7 28. Re1 Qxc3 29. Qxc3 Nxc3 30. Nd7 Re4 31. Rxe4 Nxe4
32. Nb6 Nc3 33. a3 Bd4 34. Be3 Bxe3 35. fxe3 f5 36. Kf1 Kf7 37. Ke1 Ke6 38.
Kd2 Nb1+ 39. Kc2 Nxa3+ 40. Kb3 Nb1 41. Kc2 Na3+ 42. Kb3 b4 43. Na4 Kd5 44.
Kxb4 Nc2+ 45. Kc3 Nxe3 46. Kd3 Nf1 0-1

[Event "IX EICC"]
[Site "Plovdiv BUL"]
[Date "2008.04.22"]
[Round "2"]
[White "Marin,Mi"]
[Black "Tregubov,P"]
[Result "0-1"]
[WhiteElo "2556"]
[BlackElo "2629"]
[EventDate "2008.04.21"]

1. c4 e6 2. g3 d5 3. Bg2 Nf6 4. d4 dxc4 5. Nf3 Nc6 6. Qa4 Bb4+ 7. Bd2 Bd6
8. Ne5 Bxe5 9. Bxc6+ bxc6 10. dxe5 Qd5 11. f3 Nd7 12. Nc3 Qc5 13. f4 Nb6
14. Qc2 Bb7 15. a4 O-O-O 16. Ne4 Qd5 17. Nf2 c5 18. a5 c3 19. Bxc3 Nc4 20.
Qc1 Qd7 21. O-O Nd2 22. a6 Ba8 23. Bxd2 Qxd2 24. Qxc5 Qxe2 25. Ra3 Qxb2 26.
Rc1 Rd7 27. Rac3 Rhd8 28. R3c2 Qb6 29. h4 Qxc5 30. Rxc5 Re7 31. R5c3 Rd2
32. Rb3 Bd5 33. Rb4 Ra2 34. Rcb1 Rxa6 35. Rb8+ Kd7 36. Rh8 Ra3 37. Kh2 h6
38. Rh7 f5 39. exf6 gxf6 40. Rxh6 Rg7 41. g4 Rf3 42. Rb2 Rxf4 43. h5 f5 44.
Kg3 Rf3+ 45. Kh4 fxg4 46. Rg6 Rxg6 47. hxg6 Ke7 48. Nxg4 Kf8 49. Rc2 c6 50.
Rb2 c5 51. Rb5 Kg7 52. Rxc5 Rf4 53. Kg3 Ra4 54. Ne5 Kf6 55. Rc8 Ra1 56. Kf2
Be4 57. Rf8+ Kxe5 58. g7 Ra2+ 59. Ke3 Ra3+ 60. Kf2 Ra2+ 61. Ke3 Bh7 62. Rh8
Bg8 63. Rxg8 Rg2 64. Kf3 Rg5 65. Ke3 Kf6 66. Ke4 Rg4+ 67. Kf3 Rxg7 68. Rb8
Rg1 69. Ke4 Rg4+ 70. Kf3 Ra4 71. Rb5 a6 72. Rh5 Ke7 73. Ke3 Kd6 74. Kd3 e5
75. Kc3 Kd5 76. Kb3 Rd4 77. Rh8 a5 78. Rd8+ Ke4 79. Rh8 Rd7 80. Rh1 Kf3 81.
Rf1+ Ke2 82. Rf5 e4 83. Rxa5 e3 84. Kc3 Kf2 85. Rf5+ Ke1 86. Kc2 e2 87. Rf8
Rc7+ 88. Kb2 Rc5 0-1

[Event "IX EICC"]
[Site "Plovdiv BUL"]
[Date "2008.04.22"]
[Round "2"]
[White "Steingrimsson,H"]
[Black "Guseinov,G"]
[Result "1/2-1/2"]
[WhiteElo "2551"]
[BlackElo "2625"]
[EventDate "2008.04.21"]

1. d4 Nf6 2. c4 g6 3. Nc3 Bg7 4. e4 d6 5. Nf3 O-O 6. Be2 Bg4 7. Be3 Nfd7 8.
d5 c5 9. O-O Na6 10. h3 Bxf3 11. Bxf3 Nc7 12. Be2 a6 13. a4 Re8 14. a5 Rb8
15. Qd2 e6 16. Rab1 exd5 17. exd5 b6 18. axb6 Rxb6 19. b3 f5 20. Rfe1 Qh4
21. Na4 Rbb8 22. Bg5 Qe4 23. Bd3 Qd4 24. Be3 Qh4 25. Bg5 Qd4 26. Be3 Qh4
27. Bg5 Qd4 28. Rxe8+ 1/2-1/2

[Event "IX EICC"]
[Site "Plovdiv BUL"]
[Date "2008.04.22"]
[Round "2"]
[White "Pantsulaia,L"]
[Black "Jovanovic,Zo CRO"]
[Result "1-0"]
[WhiteElo "2617"]
[BlackElo "2546"]
[EventDate "2008.04.21"]

1. Nf3 g6 2. g3 Bg7 3. d4 c5 4. d5 d6 5. Bg2 b5 6. O-O Nf6 7. Re1 O-O 8. e4
Nbd7 9. Nbd2 Qc7 10. Bf1 Rb8 11. a4 b4 12. h3 Bb7 13. a5 Rbd8 14. Nc4 Rfe8
15. g4 Ne5 16. Nfxe5 dxe5 17. a6 Bc8 18. b3 Rf8 19. Ra5 h5 20. g5 Ne8 21.
Be3 Nd6 22. Rxc5 Qd7 23. Nxd6 exd6 24. Rc6 f5 25. gxf6 Bxf6 26. Qd2 Bh4 27.
Qxb4 Rf3 28. Qc4 Rdf8 29. Rc7 Qd8 30. Rxc8 Qxc8 31. Qxc8 Rxc8 32. Bxa7 Rxc2
33. b4 Ra2 34. b5 Rfxf2 35. Rb1 Rf3 36. Kh1 Bd8 37. b6 Bxb6 38. Bxb6 Rfa3
39. Bc7 Ra4 40. Re1 Ra1 41. Rxa1 Rxa1 42. Kg2 1-0